000 00331nam a22001457a 4500
008 221209b ||||| |||| 00| 0 eng d
020 _a9781439049846
041 _aeng
080 _2tenth edition
_a91
082 _a91MIL
100 _a19.2
101 _aGJEO
245 _aSUSTAINING THE EARTH
_cMILLER T G
942 _2udc
_cBK
999 _c59149
_d59149